[Event "India Cities-ch 19th"]
[Site "Khalpara"]
[Date "2018.08.02"]
[Round "2.1"]
[White "Sharma, Jagannath Prasad"]
[Black "Tamang, Thendup"]
[Result "0-1"]
[WhiteElo "1447"]
[BlackElo "1963"]
[PlyCount "106"]
[EventDate "2018.08.01"]
[EventType "team-swiss"]
[EventRounds "7"]
[EventCountry "IND"]
[SourceTitle "CBM 186 Extra"]
[Source "ChessBase"]
[SourceDate "2018.08.24"]
[SourceVersion "1"]
[SourceVersionDate "2018.08.24"]
[SourceQuality "1"]
[WhiteTeam "Jamshedpur"]
[BlackTeam "Gangtok"]
[WhiteTeamCountry "IND"]
[BlackTeamCountry "IND"]

1. e4 d5 2. exd5 Nf6 3. Nf3 Nxd5 4. d4 g6 5. c4 Nb6 6. Be2 Bg7 7. Nc3 0-0 8. 0-0 Bg4 9. Be3 Nc6 10. d5 Bxf3 11. Bxb6 Bxe2 12. Qxe2 cxb6 13. dxc6 bxc6 14. Rad1 Qc7 15. Ne4 Rad8 16. b3 Qe5 17. f4 Qb2 18. Qxb2 Bxb2 19. Kf2 Bd4+ 20. Ke2 c5 21. f5 gxf5 22. Rxf5 e6 23. Rh5 Bg7 24. Rh3 Rxd1 25. Kxd1 Rd8+ 26. Ke2 h6 27. g4 Rd4 28. Re3 Be5 29. Nxc5 Bf4 30. Ne4 Bxe3 31. Kxe3 Rd1 32. a4 Rb1 33. Nd2 Rh1 34. Nf3 Kg7 35. h4 f5 36. g5 hxg5 37. hxg5 Rh3 38. Kf4 a5 39. Nd4 Rh4+ 40. Ke3 Kg6 41. Kd3 e5 42. Ne6 Rh3+ 43. Kc2 f4 44. c5 bxc5 45. Nxc5 Re3 46. Kd2 Kxg5 47. Nd3 Kf5 48. Kc2 e4 49. Nc1 Rh3 50. Kd2 e3+ 51. Kd3 Rh1 52. Ne2 Rd1+ 53. Kc4 f3 0-1

[Event "India Cities-ch 19th"]
[Site "Khalpara"]
[Date "2018.08.01"]
[Round "1.1"]
[White "Tamang, Thendup"]
[Black "Satyajit, Saha"]
[Result "1-0"]
[WhiteElo "1963"]
[BlackElo "1494"]
[PlyCount "101"]
[EventDate "2018.08.01"]
[EventType "team-swiss"]
[EventRounds "7"]
[EventCountry "IND"]
[SourceTitle "CBM 186 Extra"]
[Source "ChessBase"]
[SourceDate "2018.08.24"]
[SourceVersion "1"]
[SourceVersionDate "2018.08.24"]
[SourceQuality "1"]
[WhiteTeam "Gangtok"]
[BlackTeam "Jalpaiguri Bishops"]
[WhiteTeamCountry "IND"]
[BlackTeamCountry "IND"]

1. e4 e5 2. Nf3 Nc6 3. Nc3 Bc5 4. Bb5 Nge7 5. 0-0 d6 6. h3 0-0 7. d3 h6 8. Be3 Bb6 9. Qd2 Kh7 10. Rae1 f5 11. Bxb6 axb6 12. Kh2 f4 13. d4 Ng6 14. Bxc6 bxc6 15. dxe5 Nxe5 16. Nxe5 dxe5 17. Qxd8 Rxd8 18. Rd1 Be6 19. a3 g5 20. g3 Kg7 21. Rxd8 Rxd8 22. Rd1 Rxd1 23. Nxd1 Kf6 24. b3 Ke7 25. Nb2 h5 26. Nd3 Kd6 27. Kg2 c5 28. h4 fxg3 29. hxg5 gxf2 30. Nxf2 c4 31. b4 h4 32. Nd1 Bd7 33. Ne3 Be6 34. a4 c5 35. b5 h3+ 36. Kg3 Bc8 37. Nxc4+ Ke6 38. Kxh3 Bb7 39. Nd2 Kf7 40. Kg4 Kg6 41. c3 Bc8+ 42. Kh4 Bb7 43. Nc4 Bxe4 44. Nxe5+ Kf5 45. Nd7 Bc2 46. Nxb6 Ke4 47. a5 Kd3 48. c4 Kc3 49. a6 Be4 50. a7 Bb7 51. g6 1-0

[Event "Kathmandu op"]
[Site "Kathmandu"]
[Date "2018.04.13"]
[Round "2"]
[White "Sengupta, Deep"]
[Black "Tamang, Thendup"]
[Result "1-0"]
[WhiteElo "2579"]
[BlackElo "1953"]
[PlyCount "43"]
[EventDate "2018.04.13"]
[EventType "swiss"]
[EventRounds "9"]
[EventCountry "NEP"]
[SourceTitle "CBM 183 Extra"]
[Source "ChessBase"]
[SourceDate "2018.04.19"]
[SourceVersion "1"]
[SourceVersionDate "2018.04.19"]
[SourceQuality "1"]

1. e4 d5 2. Nc3 dxe4 3. Nxe4 Nf6 4. Nxf6+ exf6 5. d4 c6 6. c3 Bd6 7. Bd3 0-0 8. Qc2 h6 9. Ne2 Qc7 10. Be3 Nd7 11. 0-0-0 Re8 12. Ng3 Nf8 13. Kb1 Be6 14. c4 b5 15. cxb5 Qa5 16. Bc4 cxb5 17. Bxe6 fxe6 18. d5 Rac8 19. Qb3 Rc4 20. dxe6 Rxe6 21. Rd5 a6 22. Qxc4 1-0

[Event "IND-ch Challengers 54th"]
[Site "Noida"]
[Date "2016.07.10"]
[Round "2"]
[White "Tamang, Thendup"]
[Black "Kunal, M."]
[Result "0-1"]
[WhiteElo "1992"]
[BlackElo "2309"]
[PlyCount "98"]
[EventDate "2016.07.09"]
[EventType "swiss"]
[EventRounds "13"]
[EventCountry "IND"]
[SourceTitle "CBM 173 Extra"]
[Source "ChessBase"]
[SourceDate "2016.08.29"]
[SourceVersion "1"]
[SourceVersionDate "2016.08.29"]
[SourceQuality "1"]

1. e4 c6 2. d4 d5 3. exd5 cxd5 4. Bd3 Nc6 5. c3 Qc7 6. Ne2 Bg4 7. f3 Bd7 8. 0-0 e5 9. Re1 Bd6 10. dxe5 Nxe5 11. Nd4 Ne7 12. f4 Nxd3 13. Qxd3 0-0 14. Be3 Rfe8 15. g3 Nf5 16. Nd2 Nxe3 17. Rxe3 Rxe3 18. Qxe3 Qb6 19. N2b3 Re8 20. Qf2 h5 21. Nf3 Re2 22. Qxb6 axb6 23. Nfd2 Bc5+ 24. Nxc5 bxc5 25. Rd1 Bc6 26. b3 d4 27. cxd4 cxd4 28. Nc4 Rg2+ 29. Kf1 Rxh2 30. Rxd4 Rxa2 31. Nd2 Kh7 32. Rd6 f6 33. Nc4 Ra1+ 34. Kf2 Rb1 35. Nd2 Rb2 36. Ke3 Kg6 37. Rd3 Kf5 38. Kd4 Bb5 39. Nc4 Bxc4 40. bxc4 Kg4 41. c5 g5 42. fxg5 fxg5 43. Kd5 Rb4 44. Kd6 h4 45. gxh4 gxh4 46. Re3 h3 47. Re7 h2 48. Rh7 Kg3 49. Kc7 Rh4 0-1